| 000 | 00473nam a22001577a 4500 | ||
|---|---|---|---|
| 003 | OSt | ||
| 005 | 20220405095034.0 | ||
| 008 | 220405b |||||||| |||| 00| 0 eng d | ||
| 020 | _a9251024707 | ||
| 040 | _cHU | ||
| 100 |
_aFAO _934704 |
||
| 245 |
_aWood preservation manual _c Food and Agriculture Organization of the United Nations |
||
| 260 |
_aDehradun-24800(India) _bInternational Book Distributors _c1986 |
||
| 300 |
_a-ii-,-152- p _bhc _c24 |
||
| 942 |
_2ddc _cBOOKS _n0 |
||
| 999 |
_c34328 _d34328 |
||